Statistiken für Schulfächer Kürzel

Klicken Sie hier um das Quiz zu spielen!

Allgemein

  • Dieses Quiz wurde 537 mal gespielt
    (371 seit der letzten Aktualisierung)
  • Das Durchschnittsergebnis liegt bei 13 aus 25

Antwortstatistiken

SchulfachKürzel% Korrekt
MathematikM
99%
BiologieBI
96%
PhysikPH
96%
ChemieCH
95%
DeutschD
94%
EnglischE
94%
FranzösischF
94%
GriechischG
94%
HebräischH
94%
LateinischL
94%
SpanischS
94%
ItalienischI
93%
InformatikIF
46%
TechnikTC
34%
ErdkundeEK
33%
GeschichteGE
30%
SozialwissenschaftenSW
16%
PädagogikPA
10%
SportSP
9%
KunstKU
8%
MusikMU
8%
LiteraturLI
6%
PhilosophiePL
2%
Religion (evangelisch)ER
1%
Religion (katholisch)KR
1%

Verteilung der Resultate

Perzentil nach korrekt beantworteten Fragen

Anzahl Personen mit jedem Resultat

Ihre Resultats-Entwicklung

Sie haben dieses Quiz seit der letzten Aktualisierung nicht gespielt